Rolling Stone's 100 Best Country Singers of All Time - Statistics

General Stats
  • This quiz has been taken 62 times
  • The average score is 33 of 100
Answer Stats
Hint Answer % Correct
8 Dolly Parton
89%
2 Hank Williams
82%
50 Hank Williams Jr.
82%
3 Johnny Cash
82%
78 Rosanne Cash
77%
52 Don Williams
75%
91 Lucinda Williams
75%
10 Garth Brooks
73%
6 Willie Nelson
73%
9 George Jones
70%
28 Alan Jackson
64%
11 Jimmie Rodgers
59%
49 Kenny Rogers
59%
1 Merle Haggard
57%
7 Waylon Jennings
57%
99 Carrie Underwood
55%
87 Jamey Johnson
55%
80 Taylor Swift
55%
29 Kris Kristofferson
52%
4 Loretta Lynn
52%
69 Connie Smith
50%
20 George Strait
50%
12 Patsy Cline
50%
36 Reba McEntire
50%
25 Shania Twain
48%
16 Tammy Wynette
45%
97 Brad Paisley
43%
98 Keith Urban
43%
89 Tim McGraw
43%
31 Charley Pride
41%
21 Conway Twitty
41%
56 John Anderson
41%
86 Bill Anderson
39%
82 Lynn Anderson
39%
32 Randy Travis
39%
58 Emmylou Harris
36%
73 Merle Travis
36%
96 Toby Keith
36%
62 Vince Gill
36%
95 Brooks & Dunn
34%
63 Faron Young
34%
17 Glen Campbell
34%
100 John Denver
34%
33 Miranda Lambert
32%
79 Alabama
30%
94 Alison Krauss
27%
13 Buck Owens
27%
41 Charlie Rich
27%
85 Eric Church
27%
68 Guy Clark
27%
59 Hank Thompson
27%
64 Marty Robbins
27%
67 Tanya Tucker
27%
34 Jerry Lee Lewis
25%
53 Ronnie Milsap
25%
90 Crystal Gayle
23%
45 Dixie Chicks
23%
54 Jim Reeves
23%
19 Roger Miller
23%
27 Bill Monroe
20%
18 Eddy Arnold
20%
23 Ernest Tubb
20%
93 Jerry Jeff Walker
20%
66 Roy Acuff
20%
88 The Judds
20%
26 Tom T. Hall
20%
71 Dwight Yoakam
18%
40 Hank Snow
18%
51 Keith Whitley
18%
42 Kitty Wells
18%
74 Lee Ann Womack
18%
77 Patty Loveless
18%
48 Tennessee Ernie Ford
18%
14 Bob Wills and His Texas Playboys
16%
55 Don Gibson
16%
46 Gary Stewart
16%
37 Jerry Reed
16%
22 Lefty Frizzell
16%
47 Mel Tillis
16%
15 Ray Price
16%
5 The Carter Family
16%
83 Townes Van Zandt
16%
60 Doug Sahm
14%
30 Flatt & Scruggs
14%
57 Johnny Horton
14%
38 John Prine
14%
44 Porter Wagoner
14%
84 Steve Earle
14%
70 Vern Gosdin
14%
65 Billy Joe Shaver
11%
72 Jessi Colter
11%
76 Marty Stuart
11%
35 Stanley Brothers
11%
81 Statler Brothers
11%
61 Webb Pierce
11%
75 Asleep at the Wheel
9%
43 Bobby Bare
9%
92 Chris LeDoux
9%
39 Gram Parsons
9%
24 The Louvin Brothers
9%
No matching quizzes found
Score Distribution
Percent of People with Each Score
Percentile by Number Answered
Your Score History
You have not taken this quiz